Les meilleurs buteurs de la Ligue des Champions 2021-2022 - Statistiques

Statistiques générales
  • Ce quiz a été pris 383 fois
  • Le résultat moyen est 11 sur 22
Statistiques - réponses
Nationalité But inscrit Joueur % Correct
France 15 Karim Benzema
98%
Egypte 8 Mohamed Salah
98%
Pologne 13 Robert Lewandowski
98%
Algérie 7 Riyad Mahrez
90%
Portugal 6 Cristiano Ronaldo
83%
France 6 Kylian Mbappé
78%
Côte d'Ivoire 11 Sébastien Haller
75%
Sénégal 5 Sadio Mané
72%
Argentine 5 Lionel Messi
71%
Uruguay 6 Darwin Nunez
54%
France 7 Christopher Nkunku
53%
Allemagne 4 Thomas Muller
45%
Allemange 6 Leroy Sané
41%
France 4 Antoine Griezmann
30%
Brésil 4 Vinicius Junior
30%
Brésil 5 Rodrygo
24%
Brésil 5 Roberto Firmino
23%
Colombie 4 Luis Diaz
21%
Allemagne 4 Timo Werner
14%
Brésil 4 Gabriel Jesus
9%
Pays-Bas 6 Arnaut Danjuma
5%
Portugal 4 Pedro Gonçalves
1%
Aucun quiz correspondant
Distribution des résultats
% des personnes avec chaque résultat
Percentile par nombre de réponses
Votre historique - résultats
Vous n’avez pas pris ce quiz